Trade Blocks - Statistics

General Stats
  • This quiz has been taken 15 times
  • The average score is 4 of 10
Answer Stats
Hint Answer % Correct
Europe EU
100%
South East Asia ASEAN
93%
North America NAFTA
57%
Five national economies BRICS
43%
South America MERCOSUR
29%
Asia Pacific APEC
21%
South Asia SAARC
7%
Azerbaijan, Armenia, Russia, Ukraine, etc CIS
0%
Eastern and Southern Africa COMESA
0%
Indian Ocean IOR-ARC
0%
No matching quizzes found
Score Distribution
Percent of People with Each Score
Percentile by Number Answered
Your Score History
You have not taken this quiz